| 000 | 03204nam a22002297a 4500 | ||
|---|---|---|---|
| 001 | 6617 | ||
| 003 | FISKH | ||
| 005 | 20250513144259.0 | ||
| 008 | 250513b cb ||||| |||| 00| 0 eng d | ||
| 040 |
_aFISKH _bkhr _cFISKH _dFISKH |
||
| 082 | _a808.543 | ||
| 100 | _aSorm | ||
| 245 |
_aរឿង ទុំទាវ : _bរៀបរៀងជាពាក្យរាយតាមលំនាំវណ្ណកម្មដើមរបស់ ព្រះបទុមត្ថេរ សោម / _cព្រះបទុមត្ថេរ សោម |
||
| 260 |
_aភ្នំពេញ : _bបណ្ណាល័យ ឆពណ្ណរង្សី , _c២០១០ . |
||
| 300 |
_a128 pages : _billustrations ; _c21 cm . |
||
| 520 | _aទុំជាកូនប្រុសរបស់ស្រ្តីម៉េម៉ាយម្នាក់នៅស្រុកបាភ្នំ បានបួសរៀនជាមួយមិត្តម្នាក់ឈ្មោះពេជ្រនៅវត្តវិហារធំ។ ទុំមានរូបរាងស្អាត មានចំណេះដឹងព្រមទាំងអាចស្មូតបានពិរោះថែមទៀត។ ថ្ងៃមួយទុំបានសុំលោកគ្រូចៅអធិការវត្តទៅចុះតាមភូមិដើម្បីលក់តោក។ ទុំស្មូតយ៉ាងពិរោះដើម្បីលក់តោកដាច់។ នាងនោដែលជាភិលៀងរបស់ទាវ លឺហើយមានការចាប់ចិត្តប្រតិព័ទ្ធជាខ្លាំង តែមិនហ៊ានគិតអីផ្ដេសផ្ដាសព្រោះឋានៈមិនដល់ក៏យកពត៍មាននេះទៅប្រាប់ទាវនិងម្ដាយទាវអោយនិមន្តទុំមកស្មូតនៅឯផ្ទះទាវ។ នាងទាវដែលស្ថិតនៅក្នុងពេលចូលម្លប់បានស្ដាប់លឺសម្លេងរបស់ទុំស្មូតហើយក៏ធ្លាក់ក្នុងអន្លង់ស្នេហ៍របស់ទុំ។ចំណែកទុំក៏មិនខុសពីទាវដែរ គឺមានចិត្តប្រតិព័ទ្ធបាក់ចិត្តយ៉ាងខ្លាំងទៅលើរូបសម្រស់របស់ទាវ។ | ||
| 520 | _aTum, the son of a widow in Ba Phnom district, studied with a friend named Pich at Wat Vihear Thom. Ripe, beautiful, knowledgeable and can be smoother. One day, Tum asked the pagoda's chief priest to go down to the village to sell the tok. Tum smot beautifully to sell. Neang No, who is Teav's party, heard this and was very interested in it, but did not dare to think anything silly because her status was not up to it. Teav, who was in the shade, heard Tum Smot's voice and fell in love with Tum. | ||
| 650 |
_aទុំទាវ _vរឿងនិទាន |
||
| 650 |
_aTom Teav _vStory telling |
||
| 942 |
_2ddc _cKHB _n0 |
||
| 999 |
_c6617 _d6617 |
||